Norma Chilena Oficial NCh 1180-7. Of80
Saved in:
| Corporate Authors: | , |
|---|---|
| Format: | Book |
| Language: | Spanish |
| Published: |
Santiago
Instituto Nacional de Normalización
1980
|
| Edition: | 1a. ed |
| Subjects: | |
| Tags: |
Add Tag
No Tags, Be the first to tag this record!
|
MARC
| LEADER | 00000nam a2200000 a 4500 | ||
|---|---|---|---|
| 001 | UCK6019 | ||
| 003 | CL-VaPUC | ||
| 008 | 050902e19800000CL |||||||||||||||||spa|d | ||
| 082 | 0 | 4 | |a 628.9254 |b INS |2 21 |
| 110 | 2 | |a Instituto Nacional de Normalización |e author |9 495069 | |
| 710 | 2 | |a INN |e author |9 495070 | |
| 245 | 1 | 0 | |a Norma Chilena Oficial NCh 1180-7. Of80 |
| 246 | 1 | 0 | |a Extintores de polvo químico seco - parte 7: mangueras, uniones, boquillas y tubos de descarga |
| 250 | |a 1a. ed | ||
| 300 | |a 3 p | ||
| 942 | |c BK | ||
| 945 | |d 20050902 00:00:00 |a jcarroza | ||
| 260 | |a Santiago |b Instituto Nacional de Normalización |c 1980 | ||
| 650 | 0 | |a Incendios |9 359318 | |
| 650 | 0 | |a Seguridad |9 354178 | |
| 650 | 7 | |a EXTINCION DE INCENDIOS |2 CL-VaPUC |9 432143 | |
| 650 | 7 | |a NORMAS |2 CL-VaPUC |9 259606 | |
| 583 | |a last modification |c 20050902 00:00:00 |k Rodrigo Vera | ||
| 999 | |c 314414 |d 314412 | ||